000 01114cam a2200253 4500
008 040423n2003 000 0 eng u
020 _a1860816533
035 _a(Sirsi) u125926
041 _aeng
050 _a693.892
_c18
100 _aStupart, A.W.
245 _aProprietary renders
260 _aWatford
_bBRE
_c2003
300 _a8p.
_c30cm.
490 _aBRE Information Paper
_v16/03
520 _aProvides the results of laboratory test undertaken on four proprietary products. Bond strength, resistance to water penetration and freeze/thaw durability of these products were all shown as improved in comparison to traditional site mixed render; however, they showed reduced water vapour permeability. Proprietary renders offer many other potential benefits such as waste, greater possibilities for machine application and fewer workmanship errors.
650 _aRENDER
650 _aRENDERS
650 _aRENDERING
690 _aBUILT ENVIRONMENT-BUILDING MATERIALS
710 _aBuilding Research Establishment
710 _aUnited Kingdom
_bDepartment of Trade and Industry
942 _n0
999 _c103508
_d103508